Математические функции и их графики - Statistics

General Stats
  • This quiz has been taken 20 times
  • The average score is 4 of 5
Answer Stats
Question Answer % Correct
y = 1 / x
95%
y = √x
85%
y = cos (x)
85%
y = 2 * x
80%
y = e ^ x
80%
No matching quizzes found
Score Distribution
Percent of People with Each Score
Percentile by Number Answered
Your Score History
You have not taken this quiz